| 000 | 00880 a2200241 4500 | ||
|---|---|---|---|
| 999 |
_c11078 _d11078 |
||
| 020 | _a9780073402352 (hard copy : alk. paper) | ||
| 020 | _a0073402354 (hard copy : alk. paper) | ||
| 050 | 0 | 0 |
_aQR 41.2 _bCOW2013 |
| 100 | 1 |
_aCowan, M. Kelly. _eauthor |
|
| 245 | 1 | 0 |
_aMicrobiology fundamentals : _ba clinical approach / _cMarjorie Kelly Cowan, Jennifer Herzog ; contributor, Jen Bunn. |
| 264 |
_a New York : _br McGraw-Hill, _cc2013 |
||
| 300 |
_a651 pages _billustrations |
||
| 336 |
_2rdacontent _atext _btxt |
||
| 337 |
_2rdamedia _aunmediated _bn |
||
| 338 |
_2rdacarrier _avolume _bnc |
||
| 500 | _aIncludes index. | ||
| 650 | 0 | _aMicrobiology. | |
| 650 | 0 | _amicrobial metabolism | |
| 700 | 1 | _aHerzog, Jennifer. | |
| 700 | 1 | _aBunn,Jennifer | |
| 942 |
_2lcc _cBK _h41.2 _iCOW _kQR |
||